000 00455nam a2200181 a 4500
001 1071
003 CO-ViMGA
008 141112s2004 ck r 000 u spa d
040 _aCO-ViMGA
_bspa
_cCO-ViMGA
082 0 4 _aPe863.44 A533p
100 1 _aAlegría, Ciro
245 1 0 _aLos perros hambrientos
260 _aMadrid :
_bAlianza,
_c1993
300 _a153 p
490 _aEl libro de bolsillo, 876
650 1 4 _aNOVELA PERUANA
_94130
942 _2ddc
_cBK
999 _c13295
_d13295